Tumor Necrosis Factor Production by Human Granulocytes

Elmentve itt :
Bibliográfiai részletek
Szerzők: Mándi Yvette
Endrész Valéria
Krenács László
Régely K.
Degré M.
Oláhné Béládi Ilona
Dokumentumtípus: Cikk
Megjelent: 1991
Sorozat:INTERNATIONAL ARCHIVES OF ALLERGY AND APPLIED IMMUNOLOGY 96 No. 2
Tárgyszavak:
doi:10.1159/000235479

mtmt:1158061
Online Access:http://publicatio.bibl.u-szeged.hu/32364
LEADER 00900nab a2200265 i 4500
001 publ32364
005 20250402103228.0
008 250402s1991 hu o 000 eng d
022 |a 0020-5915 
024 7 |a 10.1159/000235479  |2 doi 
024 7 |a 1158061  |2 mtmt 
040 |a SZTE Publicatio Repozitórium  |b hun 
041 |a eng 
100 1 |a Mándi Yvette 
245 1 0 |a Tumor Necrosis Factor Production by Human Granulocytes  |h [elektronikus dokumentum] /  |c  Mándi Yvette 
260 |c 1991 
300 |a 102-106 
490 0 |a INTERNATIONAL ARCHIVES OF ALLERGY AND APPLIED IMMUNOLOGY  |v 96 No. 2 
650 4 |a Általános orvostudomány 
700 0 1 |a Endrész Valéria  |e aut 
700 0 1 |a Krenács László  |e aut 
700 0 1 |a Régely K.  |e aut 
700 0 1 |a Degré M.  |e aut 
700 0 2 |a Oláhné Béládi Ilona  |e aut 
856 4 0 |u http://publicatio.bibl.u-szeged.hu/32364/1/aok_klny_473_91.pdf  |z Dokumentum-elérés